Հայաստանի պատմական աշխարհագրություն : (Record no. 9795)
[ view plain ]
| 000 -LEADER | |
|---|---|
| fixed length control field | 01478nam a2200301 a 4500 |
| 001 - CONTROL NUMBER | |
| control field | 000024281 |
| 003 - CONTROL NUMBER IDENTIFIER | |
| control field | AM-YEHGA |
| 005 - DATE AND TIME OF LATEST TRANSACTION | |
| control field | 20250618070849.0 |
| 008 - FIXED-LENGTH DATA ELEMENTS--GENERAL INFORMATION | |
| fixed length control field | 970618s1968 ai | |||||||||0|||arm d |
| 040 ## - CATALOGING SOURCE | |
| Original cataloging agency | AM-YeHGA |
| 041 0# - LANGUAGE CODE | |
| Language code of text/sound track or separate title | arm |
| 090 ## - LOCALLY ASSIGNED LC-TYPE CALL NUMBER (OCLC); LOCAL CALL NUMBER (RLIN) | |
| -- | 9862 |
| 100 1# - MAIN ENTRY--PERSONAL NAME | |
| Personal name | Հակոբյան, Թադևոս Խաչատուրի, |
| Dates associated with a name | 1917-1989 |
| 9 (RLIN) | 1216 |
| 245 10 - TITLE STATEMENT | |
| Title | Հայաստանի պատմական աշխարհագրություն : |
| Remainder of title | Ուրվագծեր / |
| Statement of responsibility, etc. | Թ.Խ. Հակոբյան; Խմբ.՝ Հ.Գ. Ժամկոչյան. |
| 246 3# - VARYING FORM OF TITLE | |
| Title proper/short title | Историческая география Армении (очерки) |
| 250 ## - EDITION STATEMENT | |
| Edition statement | 2-րդ, լրաց. և բարեփոխ. հրատ. |
| 260 ## - PUBLICATION, DISTRIBUTION, ETC. | |
| Place of publication, distribution, etc. | Երևան : |
| Name of publisher, distributor, etc. | Միտք, |
| Date of publication, distribution, etc. | 1968. |
| 300 ## - PHYSICAL DESCRIPTION | |
| Extent | 509 էջ : |
| Other physical details | նկ., քարտեզ. ; |
| Dimensions | 22 սմ. |
| 500 ## - GENERAL NOTE | |
| General note | Ամփոփումը՝ ռուս. և անգլ. լեզուներով |
| 504 ## - BIBLIOGRAPHY, ETC. NOTE | |
| Bibliography, etc. note | Օգտագործված գրականություն (հայ. և ռուս. լեզուներով), էջ՝ 447-452 |
| 504 ## - BIBLIOGRAPHY, ETC. NOTE | |
| Bibliography, etc. note | Աշխարհագրական անունների ցանկ, էջ՝ 467-494 |
| 504 ## - BIBLIOGRAPHY, ETC. NOTE | |
| Bibliography, etc. note | Անձնանունների և անունների ցանկ, էջ՝ 495-500 |
| 504 ## - BIBLIOGRAPHY, ETC. NOTE | |
| Bibliography, etc. note | Ժողովուրդների և ցեղերի անուններ, էջ՝ 501-502 |
| 650 14 - SUBJECT ADDED ENTRY--TOPICAL TERM | |
| Topical term or geographic name entry element | Աշխարհագրություն |
| Geographic subdivision | Հայաստան |
| 9 (RLIN) | 5299 |
| 650 14 - SUBJECT ADDED ENTRY--TOPICAL TERM | |
| Topical term or geographic name entry element | Հայոց պատմություն |
| 700 1# - ADDED ENTRY--PERSONAL NAME | |
| Personal name | Ժամկոչյան, Հայկազ Գևորգի, |
| Dates associated with a name | 1909-1981 |
| Relator term | խմբ. |
| Relationship | edt |
| 9 (RLIN) | 3568 |
| 942 ## - ADDED ENTRY ELEMENTS (KOHA) | |
| Source of classification or shelving scheme | Universal Decimal Classification |
| Koha item type | Գրքեր / Books |
| Withdrawn status | Lost status | Damaged status | Not for loan | Collection | Home library | Current library | Date acquired | Total checkouts | Full call number | Barcode | Date last seen | Price effective from | Koha item type | Public note |
|---|---|---|---|---|---|---|---|---|---|---|---|---|---|---|
| General | Fundamental Scientific Library | Fundamental Scientific Library | 21/12/2016 | AII/42793 | 220042793 | 21/12/2016 | 21/12/2016 | Գրքեր / Books | 30 Days Loan | |||||
| General | Fundamental Scientific Library | Fundamental Scientific Library | 21/12/2016 | AII/42794 | 220042794 | 21/12/2016 | 21/12/2016 | Գրքեր / Books | 30 Days Loan | |||||
| General | Fundamental Scientific Library | Fundamental Scientific Library | 21/12/2016 | AII/42795 | 220042795 | 21/12/2016 | 21/12/2016 | Գրքեր / Books | 30 Days Loan |
ՀՀ Գիտությունների ազգային ակադեմիայի հիմնարար գիտական գրադարան = Fundamental Scientific Library of NAS RA
All site content, except where otherwise noted, is licensed under a